00372nam a2200157Ia 4500008004000000041000800040082001200048100002600060245003700086260003800123650001400161650000800175650000900183650001400192650000800206210210b1942 xxu||||| |||| 00| 0 eng d aeng a829/340 aDUDELY (Owen Francis) aTremaynes and the masterful monk aLondonbLongman Green & Co.c1942 aTremaynes athe amonk amasterful aand